| 000 | 00903nam a2200277Ia 4500 | ||
|---|---|---|---|
| 003 | OSt | ||
| 005 | 20221005091529.0 | ||
| 006 | a|||||r|||| 00| 0 | ||
| 007 | ta | ||
| 008 | 221004b |||||||| |||| 00| 0 eng d | ||
| 020 |
_a9781403943361 (pbk) _c1625.16 |
||
| 024 | _a87156 | ||
| 037 |
_b2582, 16/03/2007, Bharat Scientific Syndicate _cTextual |
||
| 040 |
_aCRL _cCRL _beng |
||
| 041 |
_2eng _aeng |
||
| 082 | _aT:3(P), P5;1 | ||
| 100 |
_aHall Geoff _9591977 |
||
| 245 | 0 | _aLiterature in language education | |
| 260 |
_aNew York _bPalgrave Macmillan USA _c2005 |
||
| 300 |
_axii, 278p. _ccm. |
||
| 490 | _aResearch and Practice in Applied Linguistics, Series Standinf Order ISBN 1-4039-1185-1 | ||
| 650 | _a EDUCATION | ||
| 650 |
_aTEACHING _934578 |
||
| 942 |
_hT:3(P), P5;1 _cTEXL _2cc |
||
| 999 |
_c997388 _d997388 |
||